书目信息 |
| 题名: |
指挥的美学思维与乐队指挥训练
|
|
| 作者: | 刘东明 著 | |
| 分册: | ||
| 出版信息: | 北京 北京工业大学出版社 2021.4 |
|
| 页数: | 221页 | |
| 开本: | 24cm | |
| 丛书名: | ||
| 单 册: | ||
| 中图分类: | J615.2 | |
| 科图分类: | ||
| 主题词: | 乐队--指挥 | |
| 电子资源: | ||
| ISBN: | 978-7-5639-6943-2 | |
| 000 | 00946nam0 2200229 45 | |
| 001 | 012001000560 | |
| 005 | 20130909092913.0 | |
| 010 | @a978-7-5639-6943-2@dCNY70.00 | |
| 100 | @a20200804d2019 em y0chiy0110 ea | |
| 101 | 0 | @achi |
| 102 | @aCN@b110000 | |
| 105 | @ay z 000yy | |
| 106 | @ar | |
| 200 | 1 | @a指挥的美学思维与乐队指挥训练@Azhi hui de mei xue si wei yu yue dui zhi hui xun lian@f刘东明著 |
| 210 | @a北京@c北京工业大学出版社@d2021.4 | |
| 215 | @a221页@d24cm | |
| 330 | @a本书以指挥的美学思维与乐队指挥训练为选题,分三篇论述。上篇为指挥绪论,包括指挥艺术概述、指挥的作用与职责;中篇为指挥技术,包括指挥法、指挥技术、指挥动作的变化,论述指挥技术的形式美;下篇为乐队指挥,包括总谱的准备工作、指挥排练、不同音乐类型与不同形式乐队的指挥,论述乐队指挥对音乐之美的呈现。 | |
| 606 | 0 | @a乐队@x指挥 |
| 690 | @aJ615.2@v5 | |
| 701 | 0 | @a刘东明@Aliu dong ming@4著 |
| 801 | @aCN@b江苏凤凰@c20211018 | |
| 905 | @b1340128-31@dJ615.2@e1247@f4 | |
| 指挥的美学思维与乐队指挥训练/刘东明著.-北京:北京工业大学出版社,2021.4 |
| 221页;24cm |
| ISBN 978-7-5639-6943-2:CNY70.00 |
| 本书以指挥的美学思维与乐队指挥训练为选题,分三篇论述。上篇为指挥绪论,包括指挥艺术概述、指挥的作用与职责;中篇为指挥技术,包括指挥法、指挥技术、指挥动作的变化,论述指挥技术的形式美;下篇为乐队指挥,包括总谱的准备工作、指挥排练、不同音乐类型与不同形式乐队的指挥,论述乐队指挥对音乐之美的呈现。 |
| ● |
| 相关链接 |
|
|
|
|
正题名:指挥的美学思维与乐队指挥训练
索取号:J615.2/1247
 
预约/预借
| 序号 | 登录号 | 条形码 | 馆藏地/架位号 | 状态 | 备注 |
| 1 | 1340128 | 213401282 | 第一样本阅览室/ [索取号:J615.2/1247] | 在馆 | |
| 2 | 1340129 | 213401291 | 第一借阅区/ [索取号:J615.2/1247] | 在馆 | |
| 3 | 1340130 | 213401308 | 第一借阅区/ [索取号:J615.2/1247] | 在馆 | |
| 4 | 1340131 | 213401317 | 第一借阅区/ [索取号:J615.2/1247] | 在馆 |